Loading...
Fine Arts - Other Fine Arts | 0 | 3 | 0 | 0 | 30 | 34 | 59.00 | 3 | 3 |
Fine Arts - Painting & Sculpture | 0 | 2 | 0 | 0 | 20 | 68 | 104.00 | 1 | 2 |
Fine Arts - Classical Music | 0 | 2 | 0 | 0 | 20 | 56 | 82.00 | 2 | 2 |
Literature - British Literature | 0 | 2 | 0 | 0 | 20 | 107 | 116.00 | 2 | 2 |
Literature - World Literature | 0 | 2 | 0 | 0 | 20 | 36 | 75.00 | 1 | 2 |
Science - Other Science | 0 | 1 | 0 | 1 | 10 | 115 | 115.00 | 1 | 1 |
History - American History | 0 | 1 | 0 | 0 | 10 | 85 | 85.00 | 1 | 1 |
Mythology | 0 | 1 | 1 | 0 | 5 | 71 | 71.00 | 1 | 1 |
Literature - European Literature | 0 | 1 | 1 | 0 | 5 | 98 | 98.00 | 1 | 1 |
Literature - American Literature | 0 | 0 | 1 | 0 | -5 | 0.00 | 0 | 0 |